LEADER 00952nam0 2200301 450 001 9910732500803321 005 20230712130317.0 010 $a978-0-367-53981-8 100 $a20230712d2020----km y0itay50 ba 101 0 $aeng 102 $aUS 105 $aa a 001yy 200 1 $a3D Image reconstruction for CT and PET$ea practical guide with Python$fDaniele Panetta, Niccolò Camarlinghi 210 $aBoca Raton (FL)$cCRC Press$d2020 215 $axvi, 118 p.$cill.$d22 cm 225 1 $aCRC Focus series$iMedical physics and biomedical engineering 610 0 $aScienze biologiche 610 0 $aBiofisica 610 0 $aScienze mediche 700 1$aPanetta,$bDaniele$01369565 701 1$aCamarlinghi,$bNiccolò$01369566 801 0$aIT$bUNINA$gREICAT$2UNIMARC 901 $aBK 912 $a9910732500803321 952 $a39-199$b25450$fFI1 959 $aFI1 996 $a3D Image reconstruction for CT and PET$93395866 997 $aUNINA